Surface mined lands problems and prospects: (Record no. 47921)
[ view plain ]
| 000 -LEADER | |
|---|---|
| fixed length control field | 00556nam a22001697a 4500 |
| 008 - FIXED-LENGTH DATA ELEMENTS--GENERAL INFORMATION | |
| fixed length control field | 230627b |||||||| |||| 00| 0 eng d |
| 040 ## - CATALOGING SOURCE | |
| Original cataloging agency | National Science Library |
| Transcribing agency | National Science Library |
| 080 ## - UNIVERSAL DECIMAL CLASSIFICATION NUMBER | |
| Universal Decimal Classification number | 622.12 |
| Item number | n5 |
| 100 ## - MAIN ENTRY--PERSONAL NAME | |
| Personal name | Soni, P |
| 9 (RLIN) | 12421 |
| 245 ## - TITLE STATEMENT | |
| Title | Surface mined lands problems and prospects: |
| Remainder of title | A report on Eco-restoration of rock phosphate mined |
| 260 ## - PUBLICATION, DISTRIBUTION, ETC. | |
| Place of publication, distribution, etc. | Dehra Dun: |
| Name of publisher, distributor, etc. | Division of Forest Ecology and Environment, |
| Date of publication, distribution, etc. | 1992 |
| 300 ## - PHYSICAL DESCRIPTION | |
| Extent | 29p. |
| 650 ## - SUBJECT ADDED ENTRY--TOPICAL TERM | |
| Topical term or geographic name entry element | Science |
| 653 ## - INDEX TERM--UNCONTROLLED | |
| Uncontrolled term | Mined |
| 700 ## - ADDED ENTRY--PERSONAL NAME | |
| Personal name | Vasistha, H B |
| 942 ## - ADDED ENTRY ELEMENTS (KOHA) | |
| Source of classification or shelving scheme | Universal Decimal Classification |
| Koha item type | Reports |
| Withdrawn status | Lost status | Source of classification or shelving scheme | Damaged status | Not for loan | Home library | Current library | Shelving location | Date acquired | Total Checkouts | Full call number | Barcode | Date last seen | Price effective from | Koha item type |
|---|---|---|---|---|---|---|---|---|---|---|---|---|---|---|
| Universal Decimal Classification | National Science Library | National Science Library | GF/Rk-13/C-9/R-5 | 13/07/2004 | 622.12 N2 | 187853 | 27/06/2023 | 13/07/2004 | Reports |